World War two : (Record no. 405896)
[ view plain ]
| 000 -LEADER | |
|---|---|
| fixed length control field | 02029cam a2200433Ki 4500 |
| 001 - CONTROL NUMBER | |
| control field | sky277996170 |
| 003 - CONTROL NUMBER IDENTIFIER | |
| control field | SKY |
| 005 - DATE AND TIME OF LATEST TRANSACTION | |
| control field | 20250325154138.0 |
| 008 - FIXED-LENGTH DATA ELEMENTS--GENERAL INFORMATION | |
| fixed length control field | 150211t20152015ii ab 6 000 0 eng d |
| 010 ## - LIBRARY OF CONGRESS CONTROL NUMBER | |
| LC control number | bl2016006014 |
| 020 ## - INTERNATIONAL STANDARD BOOK NUMBER | |
| International Standard Book Number | 9789381182147 |
| 020 ## - INTERNATIONAL STANDARD BOOK NUMBER | |
| International Standard Book Number | 9381182140 |
| 040 ## - CATALOGING SOURCE | |
| Original cataloging agency | YDXCP |
| Language of cataloging | eng |
| Description conventions | rda |
| Transcribing agency | YDXCP |
| Modifying agency | BTCTA |
| -- | OCLCQ |
| -- | SXP |
| -- | OCLCO |
| -- | IMD |
| -- | OCLCF |
| -- | SKYRV |
| 050 #4 - LIBRARY OF CONGRESS CALL NUMBER | |
| Classification number | PZ7.7.H43 |
| Item number | Wor 2015 |
| 082 04 - DEWEY DECIMAL CLASSIFICATION NUMBER | |
| Classification number | 940.540022/2 |
| Edition number | 23 |
| 092 ## - LOCALLY ASSIGNED DEWEY CALL NUMBER (OCLC) | |
| Item number | 940.54 Helfand |
| Classification number | young adult nonfiction graphic |
| 100 1# - MAIN ENTRY--PERSONAL NAME | |
| Personal name | Helfand, Lewis. |
| 9 (RLIN) | 6377707 |
| 245 10 - TITLE STATEMENT | |
| Title | World War two : |
| Remainder of title | under the shadow of the swastika / |
| Statement of responsibility, etc | Lewis Helfand ; illustrator, Lalit Kamar Sharma. |
| 246 3# - VARYING FORM OF TITLE | |
| Title proper/short title | World War II : |
| Remainder of title | under the shadow of the swastika. |
| 246 30 - VARYING FORM OF TITLE | |
| Title proper/short title | Under the shadow of the swastika. |
| 264 #1 - Production, Publication, Distribution, Manufacture, and Copyright Notice. | |
| Place of production, publication, distribution, manufacture | New Delhi, India : |
| Name of producer, publisher, distributor, manufacturer | Campfire, an imprint of Kalyani Navyug Media, |
| Date of production, publication, distribution, manufacture, or copyr | [2015] |
| 264 #4 - Production, Publication, Distribution, Manufacture, and Copyright Notice. | |
| Date of production, publication, distribution, manufacture, or copyr | ©2015. |
| 300 ## - PHYSICAL DESCRIPTION | |
| Extent | 173 pages : |
| Other physical details | illustrations (chiefly color), map ; |
| Dimensions | 27 cm. |
| 336 ## - Content Type | |
| Content type term | text |
| 337 ## - Media type | |
| Media type term | unmediated |
| 338 ## - Carrier type | |
| Carrier type term | volume |
| 490 1# - SERIES STATEMENT | |
| Series statement | Campfire history. |
| 520 ## - SUMMARY, ETC. | |
| Summary, etc | "This volume of Campfire's graphic history of World War II deals with the war in Europe from the rise of the Nazis through to May 1945 and VE Day. World War II shows the effects of the war on the soldiers, the refugees, the victims and protagonists of the most terrible conflict the world has ever known. In a world that is forgetting the lessons history has to teach, this book is a reminder of the horrors that come from intolerance." -- Amazon. |
| 521 2# - TARGET AUDIENCE NOTE | |
| Target audience note | Key Stage 3. |
| 521 8# - TARGET AUDIENCE NOTE | |
| Target audience note | GN 720 |
| Source | Lexile. |
| 650 #0 - SUBJECT ADDED ENTRY--TOPICAL TERM | |
| Topical term or geographic name as entry element | World War, 1939-1945 |
| Form subdivision | Comic books, strips, etc. |
| 9 (RLIN) | 6369720 |
| 650 #0 - SUBJECT ADDED ENTRY--TOPICAL TERM | |
| Topical term or geographic name as entry element | World War, 1939-1945 |
| Form subdivision | Photographs. |
| 9 (RLIN) | 6541364 |
| 650 #0 - SUBJECT ADDED ENTRY--TOPICAL TERM | |
| Topical term or geographic name as entry element | Graphic novels. |
| 650 #1 - SUBJECT ADDED ENTRY--TOPICAL TERM | |
| Topical term or geographic name as entry element | World War, 1939-1945 |
| Form subdivision | Cartoons and comics. |
| 9 (RLIN) | 6462405 |
| 655 #7 - INDEX TERM--GENRE/FORM | |
| Genre/form data or focus term | Graphic novels. |
| Source of term | lcgft. |
| 700 1# - ADDED ENTRY--PERSONAL NAME | |
| Personal name | Sharma, Lalit Kamar. |
| 9 (RLIN) | 6541365 |
| 830 #0 - SERIES ADDED ENTRY--UNIFORM TITLE | |
| Uniform title | Campfire graphic novels. |
| Name of part/section of a work | History. |
| 9 (RLIN) | 6541366 |
| 942 ## - ADDED ENTRY ELEMENTS (KOHA) | |
| Source of classification or shelving scheme | Dewey Decimal Classification |
| Koha item type | BOOK |
| Withdrawn status | Lost status | Source of classification or shelving scheme | Damaged status | Not for loan | Collection code | Home library | Current library | Shelving location | Date acquired | Source of acquisition | Total Checkouts | Total Renewals | Full call number | Barcode | Date last seen | Date checked out | Cost, replacement price | Price effective from | Koha item type |
|---|---|---|---|---|---|---|---|---|---|---|---|---|---|---|---|---|---|---|---|
| Dewey Decimal Classification | Young Adult NonFiction Graphic Novels | Wasatch County Library | Wasatch County Library | First Floor | 03/25/2025 | Amazon | 2 | 4 | YA GN 940.54 Helfand | 34301002150532 | 11/19/2025 | 10/07/2025 | 19.99 | 03/25/2025 | BOOK |
